Control adaptivo : una alternativa de control automático

Salvato in:
Dettagli Bibliografici
Autore principale: Salazar Parrales, Moisés Eduardo
Altri autori: Barrantes Cordero, José Rafael
Natura: Libro
Pubblicazione: [San José , Costa Rica] 1994
Soggetti:
Tags: Aggiungi Tag
Nessun Tag, puoi essere il primo ad aggiungerne!!

MARC

LEADER 00000nam a2200000Ia 4500
003 007706
005 20221231144253.0
008 140114s1994 c a m 000 ||s d
040 |c cru CEDI 
090 |a TFG 3305 
100 |a Salazar Parrales, Moisés Eduardo  |9 10712 
245 |a Control adaptivo : una alternativa de control automático  
260 |c 1994  |a [San José , Costa Rica] 
300 |a xi, 85 páginas : ilustraciones  
500 |a  Proyecto de graduación (bachillerato en ingeniería eléctrica)--Universidad de Costa Rica. Facultad de Ingeniería. Escuela de Ingeniería Eléctrica 
650 |x SISTEMAS DE CONTROL ADAPTABLE   |x CONTROL AUTOMATICO   |x CONTROL DE PROCESOS  |9 10714 
700 |9 10713  |a Barrantes Cordero, José Rafael 
942 |c TFG 
999 |c 19385  |d 19385